000 00389nam a22001457a 4500
005 20200601103024.0
008 200601b xxu||||| |||| 00| 0 eng d
082 _a345.4 AIR
110 _a All India Reporter
_95748
245 _a All India Reporter 1985 (V-72) BOMBAY section
260 _aBOMBAY
_bAll India Reporter Ltd.
_c1985
300 _a464p.
650 _aLAW
_95701
942 _cJRL
999 _c6750
_d6748